000 00763nam a22002177a 4500
999 _c20837
_d20837
003 AR-CdUCM
008 190606b ||||| |||| 00| 0 spa d
040 _aMUNICIPALIDAD PROVINCIAL DEL CUSCO
_cBIBLIOTECA MUNICIPAL DEL CUSCO
082 _a914.363 /
_bAU88
110 _aServicio de prensa de la nación
_943516
245 _aAustria hechos y cifras /
260 _aViena :
_bCancillería federal de Austria,
_c1973.
300 _a234 páginas ;
_bFotografias, imagenes,
_c25 cm.
505 _aContenido : Geografia y demografia -- Las provincias -- Estado y política -- Cinco grandes regiones...
650 _aAustria
_920112
650 _aGeografía
_9318
650 _aHistoria
_9136
650 _aEconomía
_9382
942 _2ddc
_cLIBROS
945 _arcc